000
00320nam a2200109Ia 4500
008
221009s9999 xx 000 0 und d
082
_a
891.433 JES
100
_a
जसटा, हरिराम
_9
38880
245
0
_a
रमता जोगी
260
_b
ज्ञान गंगा प्रकाशन
942
_c
BK
999
_c
65375
_d
65375